<?xml version="1.0" encoding="UTF-8"?>
<record
    xmlns:xsi="http://www.w3.org/2001/XMLSchema-instance"
    xsi:schemaLocation="http://www.loc.gov/MARC21/slim http://www.loc.gov/standards/marcxml/schema/MARC21slim.xsd"
    xmlns="http://www.loc.gov/MARC21/slim">

  <leader>01398nam0a22003011  4500</leader>
  <controlfield tag="001">v19\rc\1569309</controlfield>
  <controlfield tag="005">20260405151330.0</controlfield>
  <datafield tag="035" ind1=" " ind2=" ">
    <subfield code="a">(NLR Aleph) 005228152</subfield>
  </datafield>
  <datafield tag="090" ind1=" " ind2=" ">
    <subfield code="a">5576459</subfield>
    <subfield code="c">5576459</subfield>
  </datafield>
  <datafield tag="100" ind1=" " ind2=" ">
    <subfield code="a">20061002d1892    |||y0rusy50      ca</subfield>
  </datafield>
  <datafield tag="101" ind1="1" ind2=" ">
    <subfield code="a">rus</subfield>
    <subfield code="c">swe</subfield>
  </datafield>
  <datafield tag="102" ind1=" " ind2=" ">
    <subfield code="a">RU</subfield>
  </datafield>
  <datafield tag="105" ind1=" " ind2=" ">
    <subfield code="a">y   z   |||a|</subfield>
  </datafield>
  <datafield tag="200" ind1="1" ind2=" ">
    <subfield code="a">&#x411;&#x43E;&#x440;&#x44C;&#x431;&#x430; &#x437;&#x430; &#x441;&#x447;&#x430;&#x441;&#x442;&#x44C;&#x435;</subfield>
    <subfield code="e">&#x414;&#x432;&#x435; &#x43F;&#x430;&#x440;&#x430;&#x43B;. &#x434;&#x440;&#x430;&#x43C;&#x44B;</subfield>
    <subfield code="f">&#x421;&#x43E;&#x447;. &#x431;. &#x43F;&#x440;&#x43E;&#x444;. &#x421;&#x442;&#x43E;&#x43A;&#x433;&#x43E;&#x43B;&#x44C;&#x43C;&#x441;&#x43A;&#x43E;&#x433;&#x43E; &#x443;&#x43D;-&#x442;&#x430; &#x421;&#x43E;&#x444;&#x44C;&#x435;&#x439; &#x41A;&#x43E;&#x432;&#x430;&#x43B;&#x435;&#x432;&#x441;&#x43A;&#x43E;&#x439; &#x441;&#x43E;&#x432;&#x43C;&#x435;&#x441;&#x442;&#x43D;&#x43E; &#x441; &#x410;&#x43B;&#x438;&#x441;&#x43E;&#x439; &#x41A;&#x430;&#x440;&#x43B;&#x43E;&#x442;&#x442;&#x43E;&#x439; &#x41B;&#x435;&#x444;&#x444;&#x43B;&#x435;&#x440;</subfield>
    <subfield code="g">&#x41F;&#x435;&#x440;. &#x441;&#x43E; &#x448;&#x432;&#x435;&#x434;. &#x41C;. &#x41B;&#x443;&#x447;&#x438;&#x446;&#x43A;&#x43E;&#x439;</subfield>
  </datafield>
  <datafield tag="210" ind1=" " ind2=" ">
    <subfield code="a">&#x41A;&#x438;&#x435;&#x432;</subfield>
    <subfield code="c">&#x438;&#x437;&#x434;. &#x43A;&#x43D;. &#x43C;&#x430;&#x433;. &#x424;.&#x410;. &#x418;&#x43E;&#x433;&#x430;&#x43D;&#x441;&#x43E;&#x43D;&#x430;</subfield>
    <subfield code="d">1892</subfield>
  </datafield>
  <datafield tag="215" ind1=" " ind2=" ">
    <subfield code="a">[2], 258 &#x441;.</subfield>
    <subfield code="d">15</subfield>
  </datafield>
  <datafield tag="700" ind1=" " ind2="1">
    <subfield code="8">rus</subfield>
    <subfield code="7">ca</subfield>
    <subfield code="a">&#x41A;&#x43E;&#x432;&#x430;&#x43B;&#x435;&#x432;&#x441;&#x43A;&#x430;&#x44F;</subfield>
    <subfield code="b">&#x421;. &#x412;.</subfield>
    <subfield code="f">1850-1891</subfield>
    <subfield code="g">&#x421;&#x43E;&#x444;&#x44C;&#x44F; &#x412;&#x430;&#x441;&#x438;&#x43B;&#x44C;&#x435;&#x432;&#x43D;&#x430;</subfield>
    <subfield code="3">RU\NLR\AUTH\7762078</subfield>
    <subfield code="9">45008</subfield>
  </datafield>
  <datafield tag="701" ind1=" " ind2="1">
    <subfield code="8">rus</subfield>
    <subfield code="7">ca</subfield>
    <subfield code="a">&#x41B;&#x435;&#x444;&#x444;&#x43B;&#x435;&#x440;</subfield>
    <subfield code="b">&#x410;.&#x428;.</subfield>
    <subfield code="f">1849-1892</subfield>
    <subfield code="g">&#x410;&#x43D;&#x43D;&#x430; &#x428;&#x430;&#x440;&#x43B;&#x43E;&#x442;&#x442;&#x430;</subfield>
    <subfield code="3">RU\NLR\AUTH\7762540</subfield>
    <subfield code="9">45470</subfield>
  </datafield>
  <datafield tag="702" ind1=" " ind2="1">
    <subfield code="a">&#x41B;&#x443;&#x447;&#x438;&#x446;&#x43A;&#x430;&#x44F;</subfield>
    <subfield code="b">&#x41C;.&#x412;.</subfield>
    <subfield code="f">1852-&#x43F;&#x43E;&#x441;&#x43B;&#x435; 1912</subfield>
    <subfield code="g">&#x41C;&#x430;&#x440;&#x438;&#x44F; &#x412;&#x438;&#x43A;&#x442;&#x43E;&#x440;&#x43E;&#x432;&#x43D;&#x430;</subfield>
    <subfield code="4">730</subfield>
  </datafield>
  <datafield tag="790" ind1=" " ind2="1">
    <subfield code="9">z01701</subfield>
    <subfield code="a">&#x41B;&#x435;&#x444;&#x444;&#x43B;&#x435;&#x440;</subfield>
    <subfield code="b">&#x410;.&#x428;.</subfield>
    <subfield code="f">1849-1892</subfield>
    <subfield code="g">&#x410;&#x43B;&#x438;&#x441;&#x430; &#x428;&#x430;&#x440;&#x43B;&#x43E;&#x442;&#x442;&#x430;</subfield>
  </datafield>
  <datafield tag="801" ind1=" " ind2="0">
    <subfield code="a">RU</subfield>
    <subfield code="b">NLR</subfield>
    <subfield code="c">20061002</subfield>
    <subfield code="g">psbo</subfield>
  </datafield>
  <datafield tag="801" ind1=" " ind2="0">
    <subfield code="a">RU</subfield>
    <subfield code="b">RuMoRGB</subfield>
    <subfield code="c">20061002</subfield>
    <subfield code="2">psbo</subfield>
  </datafield>
  <datafield tag="801" ind1=" " ind2="1">
    <subfield code="a">RU</subfield>
    <subfield code="b">ProSoft-M</subfield>
    <subfield code="c">20061002</subfield>
    <subfield code="2">rusmarc</subfield>
  </datafield>
  <datafield tag="801" ind1=" " ind2="2">
    <subfield code="a">RU</subfield>
    <subfield code="b">NLR</subfield>
    <subfield code="c">20080319</subfield>
    <subfield code="2">rusmarc</subfield>
  </datafield>
  <datafield tag="852" ind1=" " ind2=" ">
    <subfield code="a">NLR</subfield>
    <subfield code="j">18.175.7.19</subfield>
  </datafield>
  <datafield tag="852" ind1=" " ind2=" ">
    <subfield code="a">NLR</subfield>
    <subfield code="j">71-1/450</subfield>
  </datafield>
  <datafield tag="942" ind1=" " ind2=" ">
    <subfield code="c">BOOK</subfield>
  </datafield>
  <datafield tag="980" ind1=" " ind2=" ">
    <subfield code="a">NB</subfield>
  </datafield>
  <datafield tag="995" ind1=" " ind2=" ">
    <subfield code="5">2013-10-26</subfield>
    <subfield code="b">NLR02</subfield>
    <subfield code="c">NLR02</subfield>
    <subfield code="e">RFS</subfield>
    <subfield code="f">5228152-10</subfield>
    <subfield code="k">18.175.7.19</subfield>
    <subfield code="o">0</subfield>
    <subfield code="r">BOOK</subfield>
    <subfield code="s">18175719_</subfield>
  </datafield>
  <datafield tag="995" ind1=" " ind2=" ">
    <subfield code="5">2013-10-26</subfield>
    <subfield code="b">NLR02</subfield>
    <subfield code="c">NLR02</subfield>
    <subfield code="e">RFS</subfield>
    <subfield code="f">5228152-20</subfield>
    <subfield code="k">71-1/450</subfield>
    <subfield code="o">0</subfield>
    <subfield code="r">BOOK</subfield>
    <subfield code="s">711450_</subfield>
  </datafield>
</record>
